000 00783cam a2200253 4500
008 090401t1991 xxu||||| |||| 00| 0 eng d
020 _a0113410050
035 _a(Sirsi) u5711
041 _aeng
050 _a692.21
110 _aHome Office
_91239
245 _aFire Precautions Act 1971: guide to fire precautions in premises used as hotels and boarding houses which require a fire certificate.
260 _aLondon
_bHMSO
_c1991
300 _a126p. : ill. ; 30cm.
350 _a7.5
650 _aBOARDING HOUSES
650 _aFIRE PRECAUTIONS ACT 1971
650 _aFIRE PRECAUTIONS
650 _aHOTELS
690 _aBUILT ENVIRONMENT-BUILDING STANDARDS-FIRE REGULATIONS
710 _aUnited Kingdom
_bScottish Office
_91510
942 _n0
948 _c04/03/1997
999 _c86203
_d86203